Τι έχει αλλάξει στις πωλήσεις

Saved in:
Bibliographic Details
Main Author: Αγγελάκης, Ακης
Format: Book
Language:Greek
Published: Αθήνα : Πληρότητα-Nova Forma, 2000.
Subjects:
Tags: Add Tag
No Tags, Be the first to tag this record!

MARC

LEADER 00000cam a2200000 i 4500
001 1/22794
008 060125s2000 gr | ||| |||| ||gre||
020 |a 9608665809 
035 |l 10082243 
040 |a GR-MyUA  |b gre  |e AACR2 
041 0 |a gre 
082 0 |a 658.81  |2 (22) 
100 1 |a Αγγελάκης, Ακης. 
245 1 0 |a Τι έχει αλλάξει στις πωλήσεις /   |c Ακης Αγγελάκης.  
260 |a Αθήνα :   |b Πληρότητα-Nova Forma,   |c 2000.  
300 |a 201 σ. ;   |c 24 εκ.  
650 0 0 |a Sales management. 
852 |a INST  |b SAMOS  |e 20060125  |h 658.81 ΑΓΓ  |p 005300024972  |q 005300024972  |t BK  |y 0 
901 |a BIBL3-2006-1 
909 |a Σ  |b 114702 
970 |a ΚΟΣΙΕΡΗΣ  |b ΧΡΗΣΤΟΣ  |z 2006/01/25